000 00831nam a2200277Ia 4500
003 OSt
005 20221005063921.0
006 a|||||r|||| 00| 0
007 ta
008 221004b |||||||| |||| 00| 0 eng d
020 _a9789353286774 (hbk)
_cINR 1095.00
024 _a68231
037 _b122, 24/01/2020, Classic Book Service
_cTextual
040 _aCRL
_cCRL
_beng
041 _2eng
_aeng
082 _aV2:3(Q), R0
100 _aGudavarthy Ajay Ed.
245 0 _aSecular sectarianism
_b limits of subaltern politics
260 _aLos
_bAngeles Sage USA
_c2020
300 _aviii,280p.
_ccm.
650 _a POLITICAL SCIENCE
650 _a RELIGION
650 _aHISTORY
942 _hV2:3(Q), R0
_cTEXL
_2cc
999 _c972117
_d972117